കാലം | Kalam / (Record no. 17514)
[ view plain ]
| 000 -LEADER | |
|---|---|
| fixed length control field | 00404nam a2200145Ia 4500 |
| 003 - CONTROL NUMBER IDENTIFIER | |
| control field | OSt |
| 008 - FIXED-LENGTH DATA ELEMENTS--GENERAL INFORMATION | |
| fixed length control field | 150624b xxu||||| |||| 00| f mal d |
| 020 ## - INTERNATIONAL STANDARD BOOK NUMBER | |
| ISBN | 8122605230 |
| 020 ## - INTERNATIONAL STANDARD BOOK NUMBER | |
| ISBN | 9788122606744 |
| 082 ## - DEWEY DECIMAL CLASSIFICATION NUMBER | |
| Classification number | 894.812308 |
| Item number | VAS/KA |
| 100 ## - MAIN ENTRY--AUTHOR NAME | |
| Personal name | വാസുദേവൻ നായർ, എം. ടി. |
| 245 ## - TITLE STATEMENT | |
| Title | കാലം | Kalam / |
| 260 ## - PUBLICATION, DISTRIBUTION, ETC. (IMPRINT) | |
| Place of publication | Thrissur : |
| Name of publisher | Current Books , |
| Year of publication | 2006 |
| 942 ## - ADDED ENTRY ELEMENTS (KOHA) | |
| Koha item type | Books |
| Withdrawn status | Lost status | Damaged status | Home library | Current library | Date acquired | Cost, normal purchase price | Full call number | Accession Number | Koha item type |
|---|---|---|---|---|---|---|---|---|---|
| KAUAET | KAUAET | 19/04/2022 | 120.00 | 894.812308 VAS/KA | 21556 | Books |
